[Event "ch-UKR g-20"]
[Site "Lviv UKR"]
[Date "2006.02.02"]
[Round "1"]
[White "Choba,Y"]
[Black "Dolzhikova,K"]
[Result "0-1"]
[WhiteElo "1783"]
[BlackElo "2284"]

1.e4 c5 2.c3 Nf6 3.e5 Nd5 4.d4 cxd4 5.Nf3 e6 6.Nxd4 d6 7.Bb5+ Bd7 8.exd6 Bxd6
9.O-O O-O 10.c4 Nc7 11.Nc3 e5 12.Nf3 Nxb5 13.cxb5 Be6 14.Ng5 Bc4 15.Qc2 f5
16.Rd1 Qc7 17.Nd5 Bxd5 18.Qxc7 Bxc7 19.Rxd5 Rd8 20.Rxd8+ Bxd8 21.Ne6 Bb6
22.Be3 Kf7 23.Ng5+ Kf6 24.Bxb6 axb6 25.Nf3 Nd7 26.b4 e4 27.Nd4 Ne5 28.a3 Nd3
29.Nc2 Ke5 30.Kf1 Kd5 31.Ne3+ Ke6 32.Nc4 Rc8 33.Nxb6 Rc2 34.Kg1 Rxf2 35.Rd1 Rc2
36.Na4 e3 37.Nc5+ Rxc5 38.bxc5 e2 39.Rb1 e1=Q+ 40.Rxe1+ Nxe1 41.c6 bxc6 42.bxc6 Kd6
43.Kf2 Nxg2 44.Kxg2 g5 45.Kf3 Kxc6 46.Ke3 Kb5 47.Kd4 Ka4 48.Ke5 f4 49.Ke4 Kxa3
50.h4 h6  0-1

[Event "TCh-FRA Top 16 Gp A"]
[Site "Clichy FRA"]
[Date "2006.02.03"]
[Round "1"]
[White "Guadalpi,C"]
[Black "Milliet,S"]
[Result "0-1"]
[WhiteElo "1902"]
[BlackElo "2328"]

1.e4 c5 2.c3 Nf6 3.e5 Nd5 4.d4 cxd4 5.Nf3 Nc6 6.Bc4 Nb6 7.Bb3 g6 8.cxd4 Bg7
9.O-O d6 10.Bf4 O-O 11.exd6 exd6 12.h3 Na5 13.Bc2 Nd5 14.Bg5 Qc7 15.Nbd2 Be6
16.Rc1 Qb6 17.Ne4 f5 18.Nc3 Qxb2 19.Nxd5 Bxd5 20.Be7 Rfc8 21.Bb1 Nc4 22.Re1 Rc6
23.Rc2 Qb6 24.a4 Na3 25.Rxc6 Qxc6 26.Bd3 Rc8 27.Qe2 a6 28.Ng5 Bxd4 29.Ne6 Be5
30.f4 Bc3 31.Nd8 Qb6+  0-1

[Event "ch-GER"]
[Site "Osterburg GER"]
[Date "2006.02.03"]
[Round "1"]
[White "Zuse,KP"]
[Black "Kritz,L"]
[Result "0-1"]
[WhiteElo "2333"]
[BlackElo "2561"]

1.e4 c5 2.c3 Nf6 3.e5 Nd5 4.d4 e6 5.Nf3 cxd4 6.Qxd4 Nc6 7.Qe4 f5 8.exf6 Nxf6
9.Qc2 d5 10.Bg5 Be7 11.Nbd2 O-O 12.Be2 e5 13.Nb3 h6 14.Bd2 Ne4 15.Be3 Bf5
16.Qd1 Qd6 17.Nfd2 d4 18.Nxe4 Bxe4 19.f3 Qg6 20.O-O Bc2  0-1

[Event "ch-GER"]
[Site "Osterburg GER"]
[Date "2006.02.03"]
[Round "1"]
[White "Stolz,M"]
[Black "Bischoff,D"]
[Result "1/2-1/2"]
[WhiteElo "2385"]
[BlackElo "2147"]

1.e4 c5 2.c3 Nf6 3.e5 Nd5 4.Nf3 Nc6 5.d4 cxd4 6.cxd4 d6 7.Nc3 dxe5 8.dxe5 Nxc3
9.Qxd8+ Nxd8 10.bxc3 Bd7 11.Be3 g6 12.Nd4 Rc8 13.Kd2 Bg7 14.f4 O-O 15.Rb1 b6
16.a4 Nc6 17.Ba6 Rcd8 18.Bb5 Na5 19.Ke2 Bc8 20.Rhc1 f6 21.Nf3 Bg4 22.exf6 exf6
23.c4 Bf5 24.Rb4 Rf7 25.c5 Bf8 26.Rd4 Rc8 27.cxb6 Rxc1 28.Bxc1 axb6 29.Rd8 Kg7
30.Be3 Bc5 31.Nd4 Bg4+ 32.Kd3 Re7 33.h3 Bd1 34.f5 Rxe3+ 35.Kxe3 Nb3 36.Rd7+ Kh6
37.Ke4 Nxd4 38.Rxd4 gxf5+ 39.Kd3 Bxd4 40.Kxd4 f4 41.Kd5 f3 42.gxf3 Bxf3+
43.Kd6 Kg5 44.Kc7 Bd1 45.Kxb6 Bxa4 46.Bxa4 f5 47.Bc2 f4 48.Bxh7  1/2-1/2

[Event "ch-Serbia"]
[Site "Vrnjacka Banja SCG"]
[Date "2006.02.03"]
[Round "7"]
[White "Savic,Miod1"]
[Black "Damjanovic,D"]
[Result "1-0"]
[WhiteElo "2517"]
[BlackElo "2290"]

1.e4 c5 2.c3 Nf6 3.e5 Nd5 4.Nf3 Nc6 5.d4 cxd4 6.Bc4 Nb6 7.Bb3 d6 8.exd6 Qxd6
9.O-O Be6 10.Na3 Bxb3 11.axb3 e6 12.Nb5 Qd7 13.Bf4 Rc8 14.Nxa7 Nxa7 15.Rxa7 dxc3
16.Qxd7+ Nxd7 17.bxc3 Rxc3 18.Rxb7 Rc8 19.b4 Nf6 20.b5 Bc5 21.Rc1 O-O 22.Rc7 Rxc7
23.Bxc7 Ne4 24.b6 Bxf2+ 25.Kf1 Bxb6 26.Bxb6 h6 27.Rd1 Nf6 28.Rd6 Rb8 29.Rd8+ Rxd8
30.Bxd8 Nd5 31.Nd4 g5 32.Kf2 Kg7 33.Kf3 Kg6 34.Nc6 f6 35.Ke4 Nc3+ 36.Kd3 Nd5
37.Ke4 Nc3+ 38.Kd3 Nd5 39.Kd4 Kf7 40.Ba5 Nf4 41.g3 Nh3 42.Bb4 Kg6 43.Ke3 g4
44.Ne7+ Kf7 45.Nc6 Kg6 46.Ne7+ Kf7 47.Nc8 e5 48.Ne7 Ke6 49.Ng6 Kf7 50.Nh4 Ke6
51.Ba5 Ng5 52.Bc3 Nh3 53.Bd2 f5 54.Ng2 Ng5 55.Nh4 Nh3 56.Ke2 f4 57.Kf1 h5
58.Kg2 Kf6 59.Bc3 Ke6 60.Ng6 f3+ 61.Kf1 e4 62.Bd2 Kd5 63.Be3 Kc4 64.Nh4 Kd5
65.Ke1 Ke5 66.Kd2 Kf6 67.Bd4+ Ke6 68.Be3 Kf6 69.Bb6 Ke6 70.Ke3 Kf6 71.Bc5 Ke6
72.Bd4 Ng5 73.Ng6 Kf5 74.Nf4 h4 75.gxh4 f2 76.Kxf2 Nf3 77.Ne2 Nxh4 78.Bb6 Nf3
79.Nd4+ Kg5 80.Bd8+ Kh5 81.Nxf3 gxf3 82.Kg3 Kg6 83.Bb6 Kg5 84.Bd4 Kf5 85.Be3  1-0

[Event "2nd Bundesliga Mitte 2005-6"]
[Site "Austria AUT"]
[Date "2006.02.04"]
[Round "6"]
[White "Jeric,S"]
[Black "Jurkovic,H"]
[Result "0-1"]
[WhiteElo "2328"]
[BlackElo "2426"]

1.e4 c5 2.c3 Nf6 3.e5 Nd5 4.d4 cxd4 5.Nf3 Nc6 6.cxd4 d6 7.Bc4 Nb6 8.Bb3 dxe5
9.d5 Na5 10.Nc3 Bg4 11.Be3 Nxb3 12.Qxb3 Bxf3 13.gxf3 g6 14.a4 Qd7 15.Bxb6 axb6
16.Qxb6 Bh6 17.Qb5 Qxb5 18.Nxb5 Kd7 19.Ke2 Rhc8 20.Kd3 Rc5 21.Nc3 Rac8 22.Rhe1 f5
23.Ra3 Bg7 24.Rb3 R8c7 25.Re3 Rc4 26.Ke2 Rh4 27.Rb6 Kc8 28.Nb5 Rc2+ 29.Kd1 Rhc4
30.d6 Rc1+ 31.Kd2 R4c2+ 32.Kd3 exd6 33.Nxd6+ Kc7 34.a5 Bh6 35.Re2 Rc5 36.Nb5+ Kb8  0-1

[Event "ch-Serbia"]
[Site "Vrnjacka Banja SCG"]
[Date "2006.02.05"]
[Round "9"]
[White "Savic,Miod1"]
[Black "Nestorovic,De"]
[Result "1-0"]
[WhiteElo "2517"]
[BlackElo "2399"]

1.e4 c5 2.c3 Nf6 3.e5 Nd5 4.Nf3 Nc6 5.d4 cxd4 6.Bc4 e6 7.cxd4 d6 8.a3 Be7
9.O-O O-O 10.Qe2 Qb6 11.Rd1 Na5 12.Bxd5 exd5 13.Nc3 Be6 14.Bg5 Bxg5 15.Nxg5 h6
16.Nxe6 fxe6 17.exd6 Qxd6 18.Rd3 Rf6 19.Rg3 Raf8 20.Rf1 Nc6 21.Qg4 R8f7 22.Re3 Nd8
23.Ne2 Qb6 24.b4 a5 25.bxa5 Rxf2 26.Rd1 Qxa5 27.g3 Qa4 28.Rc1 Qa5 29.Rd1 Qb6
30.Nf4 Ra2 31.Re2 Rxe2 32.Qxe2 Rf6 33.Kg2 Qd6 34.Qb2 Rf7 35.Re1 Rc7 36.Re2 Rc4
37.Ng6 Qc7 38.Rf2 Nf7 39.Qb5 Rc6 40.h4 Nd6 41.Rf8+ Kh7 42.h5 Nf7 43.Qb1 Rc2+
44.Kh3 e5 45.dxe5 Qd7+ 46.g4 Ng5+ 47.Kh4 Rh2+ 48.Kg3 Rh3+ 49.Kf2 Rh2+ 50.Kg1 Qxg4+
51.Kxh2 Qxh5+ 52.Nh4+ Ne4 53.Qe1 Qxe5+ 54.Kg1 Qd4+ 55.Kh1 Qe5 56.Rh8+  1-0

[Event "Open"]
[Site "Moscow RUS"]
[Date "2006.02.06"]
[Round "9"]
[White "Yudin,S"]
[Black "Kornev,Alexei"]
[Result "1/2-1/2"]
[WhiteElo "2444"]
[BlackElo "2570"]

1.e4 c5 2.c3 Nf6 3.e5 Nd5 4.Nf3 e6 5.d4 cxd4 6.cxd4 d6 7.a3 Bd7 8.Bd3 Bc6
9.O-O Nd7 10.Bd2 dxe5 11.dxe5 Be7 12.Nc3 Nxc3 13.Bxc3 Nc5 14.Bc2 Qxd1 15.Rfxd1 O-O
16.Nd4 Be4 17.Bxe4 Nxe4 18.Bb4 Nc5 19.Rac1 Rfc8 20.Nb5 Kf8 21.Nd6 Bxd6 22.Rxd6 b6
23.Rd2 Ke8 24.Rdc2 Rab8 25.g3 Rd8 26.Bxc5 bxc5 27.Rxc5 Rxb2 28.Rc7 Rb5 29.f4 Rb2
30.Rxa7 g6 31.Rac7 Ra2 32.R7c3 Kf8 33.Rc8 Rxc8 34.Rxc8+ Kg7 35.Ra8 Ra1+ 36.Kg2 Ra2+
37.Kh3 h5 38.Ra7 Kg8 39.a4 Kg7 40.a5 Kg8 41.a6 Kg7 42.Ra8  1/2-1/2

[Event "ch-GER"]
[Site "Osterburg GER"]
[Date "2006.02.07"]
[Round "5"]
[White "Stolz,M"]
[Black "Markgraf,Al"]
[Result "0-1"]
[WhiteElo "2385"]
[BlackElo "2412"]

1.e4 c5 2.c3 Nf6 3.e5 Nd5 4.g3 d6 5.exd6 Qxd6 6.Bg2 Nc6 7.Ne2 Bf5 8.d4 cxd4
9.cxd4 Ndb4 10.O-O Nc2 11.d5 O-O-O 12.Nbc3 Nxa1 13.dxc6 Qxd1 14.cxb7+ Kb8
15.Nxd1 e5 16.Ndc3 Nc2 17.Ne4 Be6 18.Bg5 f6 19.Rc1 fxg5 20.Rxc2 Rd1+ 21.Bf1 Bh3
22.Rc1 Rxf1+ 23.Rxf1 Bxf1 24.Kxf1 Be7 25.N2c3 Rd8 26.Ke2 Kxb7 27.Kf3 h5 28.h3 Kc6
29.Ke3 Rb8 30.b3 Bc5+ 31.Kd3 Rd8+ 32.Ke2 Bd4 33.Nb1 Kd5 34.Nxg5 Rc8 35.Nd2 Rc2
36.a4 Bxf2 37.Kd3 Rc1 38.Nge4 Bd4 39.Ke2 Rh1 40.Kf3 Ra1 41.Ke2 Rh1 42.Ng5 Rc1
43.Nde4 Rg1 44.Kd2 Rb1  0-1

[Event "ch-UKR b-20"]
[Site "Lviv UKR"]
[Date "2006.02.08"]
[Round "7"]
[White "Grekh,A"]
[Black "Vovk,Y"]
[Result "0-1"]
[WhiteElo "2394"]
[BlackElo "2414"]

1.e4 c5 2.c3 Nf6 3.e5 Nd5 4.d4 cxd4 5.Nf3 Nc6 6.cxd4 d6 7.Nc3 dxe5 8.dxe5 Nxc3
9.Qxd8+ Nxd8 10.bxc3 Bd7 11.Rb1 g6 12.Bb5 Bxb5 13.Rxb5 Rc8 14.Rb3 Bg7 15.Ke2 b6
16.Rd1 f6 17.Ra3 Nc6 18.e6 O-O 19.Rd7 f5 20.c4 Na5 21.Bg5 Rxc4 22.Rxe7 Nc6
23.Rd7 Re8 24.e7 h6 25.Be3 f4 26.Bd2 g5 27.Kf1 Kf7 28.Rc7 Rc5 29.g3 fxg3
30.Be3 gxh2 31.Kg2 Rc4 32.Kxh2 g4 33.Nd2 Rc2 34.Kg2 Be5 35.Rd7 h5 36.Bg5 Bf6
37.Bxf6 Kxf6 38.Re3 Rxe7 39.Rexe7 Nxe7 40.Ne4+ Ke6 41.Rxa7 Nd5 42.Kg3 Kf5
43.Nd6+ Ke5 44.Nf7+ Kf6 45.Nd6 Rc3+ 46.Kg2 Nf4+ 47.Kh2 Rf3 48.Ne4+ Kf5 49.Ra4 h4
50.Nd6+ Ke6 51.Ne4 Ke5 52.Kg1 Ne2+ 53.Kf1 Rf4  0-1

[Event "ch-GER"]
[Site "Osterburg GER"]
[Date "2006.02.08"]
[Round "6"]
[White "Kaeser,U"]
[Black "Holzschuh,S"]
[Result "1-0"]
[WhiteElo "2343"]
[BlackElo "2257"]

1.e4 c5 2.c3 Nf6 3.e5 Nd5 4.d4 cxd4 5.Nf3 Nc6 6.Bc4 Nb6 7.Bb3 d5 8.exd6 Qxd6
9.O-O dxc3 10.Nxc3 Qxd1 11.Rxd1 Bg4 12.Nb5 Rc8 13.Be3 a6 14.Ng5 e6 15.Nd6+ Bxd6
16.Rxd6 Nd5 17.Bxd5 exd5 18.Rxd5 Rd8 19.Rxd8+ Nxd8 20.Rc1 O-O 21.h3 Bd7 22.Ne4 Bc6
23.Nc5 Ne6 24.Nxa6 Bxg2 25.Kxg2 bxa6 26.Rc6 Ra8 27.b4 Kf8 28.Rb6 Ke8 29.a4 g6
30.Kf3 Kd7 31.Rb7+ Kc6 32.Rxf7 Rb8 33.Ra7 Rxb4 34.Rxa6+ Kd5 35.Ra7 Nd4+ 36.Bxd4 Kxd4
37.Rxh7 Ke5 38.a5 Ra4 39.Ra7 Ra3+ 40.Kg4 Kf6 41.a6 Ra4+ 42.Kg3 Ra3+ 43.f3 Ra4
44.h4 Ra3 45.Ra8 Kg7 46.a7 Ra4 47.f4 Ra3+ 48.Kg4 Ra5 49.h5 gxh5+ 50.Kh4 Kh7
51.f5 Ra4+ 52.Kxh5 Ra5 53.Kg4 Ra4+ 54.Kf3 Ra6 55.Ke4 Ra4+ 56.Kd3  1-0

[Event "FSGM February"]
[Site "Budapest HUN"]
[Date "2006.02.13"]
[Round "10"]
[White "Vajda,L"]
[Black "Paschall,W"]
[Result "1/2-1/2"]
[WhiteElo "2526"]
[BlackElo "2368"]

1.e4 c5 2.c3 Nf6 3.e5 Nd5 4.d4 cxd4 5.Nf3 Nc6 6.cxd4 d6 7.Bc4 e6 8.O-O Be7
9.Qe2 O-O 10.Nc3 Nxc3 11.bxc3 dxe5 12.dxe5 Qc7 13.Bd3 Rd8 14.Rd1 Bd7 15.Bf4 Be8
16.Ng5 g6 17.Re1 Rd5 18.h4 Rad8 19.Bc4 Rc5 20.Ne4 Nd4 21.cxd4 Rxc4 22.Nf6+ Bxf6
23.exf6 Qxf4 24.Qxc4 Bc6 25.Rxe6 Qxh4 26.Rae1 h5 27.R1e3 Qg5 28.Rxc6 bxc6
29.Qxc6 Qd5 30.Qxd5 Rxd5 31.Re8+ Kh7 32.Re7 Kg8 33.Rxa7 Rxd4 34.Ra8+ Kh7
35.Rf8 Kh6 36.Rxf7 Kg5 37.Ra7 Kxf6 38.a4 g5 39.a5 Ra4 40.a6 Ra2 41.Ra8 Kg7
42.Kf1 h4 43.f3 Ra1+ 44.Kf2 Kh7 45.Ke3 Ra2 46.a7 Ra4 47.Kd3 Kg7 48.Kc3 Ra1
49.Kc4 Ra2 50.Kc5 Ra1 51.Kd5 Ra2 52.Ke5 Ra5+ 53.Ke6 Ra6+ 54.Kf5 Ra5+ 55.Kg4 Kh7
56.Kh5 Kg7 57.Kg4 Kh7 58.Kh5 Kg7 59.Rb8 Rxa7 60.Rb5 Kf6 61.Rxg5 Rh7+ 62.Kg4 h3
63.gxh3 Rxh3 64.Ra5 Rh2 65.Ra6+ Kf7 66.f4 Rb2 67.Kg5 Rb7 68.f5 Kg7 69.Rg6+ Kf7
70.Rh6 Rb1 71.Rh7+ Kg8 72.Re7 Rb6 73.Re6 Rb7 74.Rh6 Rg7+ 75.Kf6 Ra7 76.Rg6+ Kf8
77.Kg5 Rb7 78.Rh6 Rb1 79.Rf6+ Kg8 80.Ra6 Kg7  1/2-1/2

[Event "Premier"]
[Site "Portsmouth ENG"]
[Date "2006.02.19"]
[Round "5"]
[White "Rose,M"]
[Black "Duggan,M"]
[Result "1-0"]
[WhiteElo "2219"]
[BlackElo "2082"]

1.e4 c5 2.c3 Nf6 3.e5 Nd5 4.d4 cxd4 5.Nf3 d6 6.Bc4 dxe5 7.Nxe5 e6 8.O-O Be7
9.cxd4 O-O 10.Qe2 Nd7 11.Rd1 Bg5 12.Nd2 Nf4 13.Qf3 Nxe5 14.dxe5 Qd4 15.Ne4 Qxc4
16.Bxf4 Bxf4 17.Qxf4 b5 18.Rac1 Qxa2 19.Nf6+ gxf6 20.Qg3+ Kh8 21.exf6 Rg8
22.Rd8  1-0

[Event "Festival de Meurthe-et-Moselle B"]
[Site "Nancy FRA"]
[Date "2006.02.20"]
[Round "1"]
[White "Henris,L"]
[Black "Delorme,Al"]
[Result "1/2-1/2"]
[WhiteElo "2283"]
[BlackElo "2276"]

1.e4 c5 2.c3 Nf6 3.e5 Nd5 4.d4 cxd4 5.Nf3 Nc6 6.cxd4 d6 7.Bc4 Nb6 8.Bb3 dxe5
9.d5 Na5 10.Nc3 Nxb3 11.Qxb3 g6 12.Nxe5 Bg7 13.Bf4 O-O 14.O-O Bf5 15.Rfe1 e6
16.Nxf7 Rxf7 17.dxe6 Re7 18.Bg5 Qe8 19.Bxe7 Qxe7 20.Rad1 Kh8 21.a4 Re8 22.a5 Bxe6
23.Rxe6 Qxe6 24.Qxe6 Rxe6 25.axb6 axb6 26.Rd8+ Bf8 27.Kf1 Kg7 28.Rb8 Re7
29.f3 Rd7 30.Ne4 Bc5 31.Ke2 Bd4 32.b3 Be5  1/2-1/2

[Event "US Amateur Team East"]
[Site "Parsippany USA"]
[Date "2006.02.20"]
[Round "6"]
[White "Kaufman,La"]
[Black "Markzon,G"]
[Result "1-0"]
[WhiteElo "2347"]
[BlackElo "2226"]

1.e4 c5 2.c3 Nf6 3.e5 Nd5 4.Nf3 Nc6 5.d4 cxd4 6.cxd4 d6 7.Bc4 Nb6 8.Bb5 d5
9.Nh4 Bd7 10.Nc3 a6 11.Be2 g6 12.O-O Bg7 13.f4 e6 14.Nf3 Nc8 15.g4 N8e7 16.h3 b5
17.Be3 Na5 18.Bf2 Rc8 19.Qe1 Qb6 20.Nd1 Nc4 21.Rc1 Nc6 22.b3 N4a5 23.Ne3 Bf8
24.f5 Bb4 25.Qd1 O-O 26.Nc2 exf5 27.Nxb4 Nxb4 28.Qd2 fxg4 29.hxg4 Qe6 30.Rxc8 Rxc8
31.Qxb4 Qxg4+ 32.Kh1 Qh5+ 33.Bh4 Bh3 34.Rf2 Nc6 35.Qd2 h6 36.Rh2 Qf5 37.Qxh6 Nxe5
38.dxe5 Qb1+ 39.Be1 Rc1 40.Qh4 Qe4 41.Rxh3 Kf8 42.Qd8+  1-0

[Event "Festival de Meurthe-et-Moselle B"]
[Site "Nancy FRA"]
[Date "2006.02.21"]
[Round "2"]
[White "Schartz,A"]
[Black "Delorme,Al"]
[Result "0-1"]
[WhiteElo "2173"]
[BlackElo "2276"]

1.e4 c5 2.c3 Nf6 3.e5 Nd5 4.d4 cxd4 5.Nf3 Nc6 6.Bc4 Nb6 7.Bb3 d5 8.exd6 Qxd6
9.O-O Be6 10.Bxe6 Qxe6 11.Nxd4 Nxd4 12.Qxd4 Rd8 13.Qh4 g6 14.Nd2 Bg7 15.Nf3 Qc4
16.Qh3 O-O 17.Bh6 Bxh6 18.Qxh6 f6 19.Qe3 e5 20.b3 Qd3 21.Qc5 Rc8 22.Qa5 Qxc3
23.Qxa7 Qc6 24.Qa3 Nd5 25.Rac1 Qe6 26.Rxc8 Rxc8 27.h3 Nf4 28.Rd1 e4 29.Nd4 Qd5
30.Qb2 Rd8  0-1

[Event "13th Open Metalis"]
[Site "Bizovac CRO"]
[Date "2006.02.23"]
[Round "2"]
[White "Zovko,Mari"]
[Black "Jurkovic,H"]
[Result "0-1"]
[WhiteElo "2140"]
[BlackElo "2426"]

1.e4 c5 2.c3 Nf6 3.e5 Nd5 4.d4 cxd4 5.cxd4 d6 6.Nf3 Nc6 7.Bc4 Nb6 8.Bb5 Bd7
9.exd6 e6 10.Bf4 Nd5 11.Qd2 Qb6 12.Bxc6 Bxc6 13.O-O Bb5 14.d7+ Bxd7 15.Nc3 Bc6
16.Ne5 Be7 17.Rfd1 Rd8 18.Rac1 O-O 19.Bg3 Nxc3 20.bxc3 Be4 21.Nd3 Qa6 22.f3 Bg6
23.Ne5 Ba3 24.Ra1 Rc8 25.Nxg6 hxg6 26.Rab1 b6 27.Rb3 Be7 28.Kf2 Rc4 29.Qe2 Qc8
30.Rd3 Rd8 31.Bf4 Rd5 32.g3 Qc6 33.Bd2 b5 34.Re3 Bf6 35.Kg2 Bg5 36.Rd3 Bxd2
37.Rxd2 Rxc3  0-1

[Event "2nd Bundesliga Ost 2005-6"]
[Site "Austria AUT"]
[Date "2006.02.25"]
[Round "8"]
[White "Vajda,S"]
[Black "Wallner,A"]
[Result "1/2-1/2"]
[WhiteElo "2403"]
[BlackElo "2246"]

1.e4 c5 2.c3 Nf6 3.e5 Nd5 4.d4 cxd4 5.Nf3 e6 6.cxd4 b6 7.Nc3 Nxc3 8.bxc3 Qc7
9.Bd2 Bb7 10.Bd3 d6 11.O-O Nd7 12.Ng5 dxe5 13.Qh5 Nf6 14.Nxe6 Qc6 15.d5 Qxe6
16.Bb5+ Ke7 17.Qg5 h6 18.Qg3 Nxd5 19.Rae1 f6 20.f4 Kf7 21.fxe5 Bc5+ 22.Kh1 f5
23.Bd7 Qe7 24.Bxf5 Kg8 25.Bg6 Rf8 26.e6 Rxf1+ 27.Rxf1 Qxe6 28.Qb8+ Qc8 29.Qxc8+ Bxc8
30.Bf7+ Kh7  1/2-1/2

[Event "13th Open Metalis"]
[Site "Bizovac CRO"]
[Date "2006.02.25"]
[Round "6"]
[White "Jurkovic,H"]
[Black "Cajzler,H"]
[Result "1-0"]
[WhiteElo "2426"]
[BlackElo "2205"]

1.e4 c5 2.c3 Nf6 3.e5 Nd5 4.d4 cxd4 5.Nf3 Nc6 6.cxd4 d6 7.Bc4 e6 8.O-O dxe5
9.dxe5 Nb6 10.Bd3 Be7 11.Nc3 a6 12.a3 Qc7 13.Qe2 Bd7 14.Bf4 Rd8 15.Rac1 Qb8
16.Rfd1 h6 17.h4 Nd5 18.Bg3 Nxc3 19.Rxc3 Na7 20.Qe4 Bc6 21.Qg4 Kf8 22.h5 Nb5
23.Rcc1 Qa7 24.Bh4 Re8 25.Bxe7+ Rxe7 26.Bxb5 axb5 27.Rd8+ Re8 28.Qb4+ Kg8
29.Rxe8+ Bxe8 30.Rc8 Kh7 31.Qe4+ g6 32.hxg6+ fxg6 33.Rc7+ Kg8 34.Qb4  1-0

[Event "13th Open Metalis"]
[Site "Bizovac CRO"]
[Date "2006.02.25"]
[Round "6"]
[White "Grandic,Z"]
[Black "Kristovic,M"]
[Result "0-1"]
[WhiteElo "2171"]
[BlackElo "2294"]

1.e4 c5 2.c3 Nf6 3.e5 Nd5 4.Bc4 Nc7 5.d4 e6 6.Be3 Nc6 7.a4 b6 8.Nd2 Bb7 9.Qg4 cxd4
10.cxd4 h5 11.Qg3 Nb4 12.Rc1 g6 13.Ne2 h4 14.Qg4 h3 15.Ne4 Rh4  0-1

[Event "2nd Bundesliga Ost 2005-6"]
[Site "Austria AUT"]
[Date "2006.02.26"]
[Round "9"]
[White "Ganaus,H"]
[Black "Siebrecht,S"]
[Result "0-1"]
[WhiteElo "2321"]
[BlackElo "2429"]

1.e4 c5 2.c3 Nf6 3.e5 Nd5 4.d4 cxd4 5.Nf3 Nc6 6.cxd4 e6 7.Bc4 d6 8.O-O Be7
9.Qe2 Nb6 10.Bd3 Nb4 11.Bb5+ Bd7 12.a3 Bxb5 13.Qxb5+ Nc6 14.Nc3 a6 15.Qe2 d5
16.Be3 O-O 17.Nd2 f5 18.f4 Rc8 19.Rfc1 Na5 20.Rc2 Nbc4 21.Nxc4 Rxc4 22.Qd3 Qc7
23.Rf2 b5 24.Nb1 Rc8 25.b3 Rc6 26.h3 Bh4 27.Rf1 Rc2 28.Bd2 Rb2 29.Qc3 Qxc3
30.Bxc3 Rxb1 31.Bxa5 Rxb3  0-1

[Event "13th Open Metalis"]
[Site "Bizovac CRO"]
[Date "2006.02.26"]
[Round "7"]
[White "Rosandic,D"]
[Black "Markovic,Dr3"]
[Result "1/2-1/2"]
[WhiteElo "2289"]
[BlackElo "2136"]

1.e4 c5 2.c3 Nf6 3.e5 Nd5 4.d4 cxd4 5.cxd4 d6 6.Nf3 Nc6 7.Bc4 Nb6 8.Bb5 Bd7
9.exd6 e6 10.Nc3 Bxd6 11.O-O a6 12.Bd3 Nb4 13.Bb1 Bc6 14.Ne4 N4d5 15.Ne5 Nf6
16.Nxc6 bxc6 17.Qf3 Nbd5 18.Bd2 Rb8 19.b3 Nxe4 20.Qxe4 Bb4 21.Bxb4 Rxb4 22.Bd3 Qf6
23.Bc4  1/2-1/2

[Event "TCh-HUN 2005-6"]
[Site "Hungary HUN"]
[Date "2006.02.26"]
[Round "8"]
[White "Borsos,B"]
[Black "Butunoi,A"]
[Result "1/2-1/2"]
[WhiteElo "2282"]
[BlackElo "2402"]

1.e4 c5 2.c3 Nf6 3.e5 Nd5 4.d4 cxd4 5.Nf3 Nc6 6.Bc4 Nb6 7.Bb3 d5 8.exd6 Qxd6
9.O-O Be6 10.Bxe6 Qxe6 11.Nxd4 Nxd4 12.Qxd4 Rd8 13.Qe3 Qc6 14.Nd2 g6 15.Re1 Rd7
16.Nf3 Bg7 17.Ne5 Bxe5 18.Qxe5 O-O 19.Bh6 f6 20.Qe2 Rfd8 21.Rad1 Kf7 22.Rxd7 Rxd7
23.h3 Na4 24.Be3 a6 25.c4 e5 26.f4 e4 27.Kh1 Rd3 28.f5 Qd7 29.Rf1 Qd6 30.fxg6+ hxg6
31.Bg5 f5 32.Qxe4 Nc5 33.Qh4 Qd4 34.Qh7+ Qg7 35.Qxg7+ Kxg7 36.Bf4 Ne4 37.h4 Kf6
38.Kh2 Ke6 39.Rf3 Rxf3 40.gxf3 Nf2 41.Kg3 Nd3 42.b3 Nb4 43.Bd2 Nd3 44.Kg2 Ke5
45.Bc3+ Kf4 46.Bd2+ Ke5 47.Bc3+ Kf4 48.b4 Ke3 49.b5 Nf4+ 50.Kf1 Kd3 51.Be5 Ne6
52.bxa6 bxa6 53.Kf2 Kxc4 54.Ke3 Kd5  1/2-1/2

[Event "Festival de Meurthe-et-Moselle B"]
[Site "Nancy FRA"]
[Date "2006.02.26"]
[Round "9"]
[White "Henris,L"]
[Black "Schartz,A"]
[Result "1-0"]
[WhiteElo "2283"]
[BlackElo "2173"]

1.e4 c5 2.c3 Nf6 3.e5 Nd5 4.Nf3 Nc6 5.d4 cxd4 6.Bc4 Nb6 7.Bb3 d6 8.exd6 Qxd6
9.Na3 dxc3 10.Qe2 Na5 11.Nb5  1-0

[Event "Breizh Masters Women"]
[Site "Guingamp FRA"]
[Date "2006.03.01"]
[Round "5"]
[White "Andersson,C"]
[Black "Bolon,K"]
[Result "0-1"]
[WhiteElo "2170"]
[BlackElo "2049"]

1.e4 c5 2.c3 Nf6 3.e5 Nd5 4.d4 cxd4 5.Qxd4 e6 6.Nf3 Nc6 7.Qe4 f5 8.exf6 Nxf6
9.Qh4 d5 10.Bd3 Bd6 11.Bg6+ Kf8 12.Ng5 Ne7 13.Bc2 e5 14.Nf3 e4 15.Nd4 Ng6
16.Qg5 Qe8 17.b3 h6 18.Qd2 Bf4 19.Ba3+ Kg8 20.Qe2 Nh4 21.g3 Ng2+ 22.Kf1 Bh3
23.Kg1 Be5 24.Nd2 Nf4 25.Qe1 Bxd4 26.cxd4 Qh5 27.Bd1 Qg6 28.Bd6 Nd3 29.Qe3 h5
30.f3 Re8 31.f4 Bg4 32.Bc2 h4 33.Be5 hxg3 34.hxg3 Rxh1+ 35.Kxh1 Qh5+ 36.Kg2 Nb4
37.Qc3 Rc8 38.Qxb4 Rxc2 39.Bxf6 gxf6 40.Qa5 e3 41.Qd8+ Kf7 42.f5 exd2 43.Qxd5+ Kg7
44.Qxb7+ Kh6 45.Qe7 d1=Q+  0-1

[Event "2nd ch-SCG"]
[Site "Pancevo SCG"]
[Date "2006.03.01"]
[Round "3"]
[White "Savic,Miod1"]
[Black "Antic,De"]
[Result "1-0"]
[WhiteElo "2517"]
[BlackElo "2505"]

1.e4 c5 2.c3 Nf6 3.e5 Nd5 4.Nf3 e6 5.g3 Nc6 6.Bg2 d6 7.exd6 Bxd6 8.d4 cxd4
9.Nxd4 Nxd4 10.Qxd4 O-O 11.O-O Qc7 12.Nd2 Bd7 13.Ne4 Be5 14.Qc5 Qb8 15.Qa3 a5
16.f4 Bc7 17.c4 Nb4 18.Qc3 Bb6+ 19.Kh1 Qa7 20.Rd1 Bc6 21.b3 Bxe4 22.Bxe4 Rad8
23.Bb2 f6 24.Qf3 Bd4 25.Bxd4 Rxd4 26.a3 f5 27.Bxf5 Rxf5 28.axb4 Rxd1+ 29.Qxd1 Qb6
30.b5 g5 31.Qg1 Qc7 32.Qe3 Kf7 33.Re1 Qe7 34.fxg5 Rxg5 35.Rf1+ Rf5 36.Rxf5+ exf5
37.Qf3 Qe1+ 38.Kg2 Qd2+ 39.Qf2 Qd3 40.Qf3 Qd2+ 41.Qf2 Qd3 42.Kh3 Kg6 43.Qb6+ Kg5
44.Qxb7 Qf1+ 45.Qg2 Qd1 46.Qf2 Qxb3 47.Qd2+ Kg6 48.Qd6+ Kf7 49.b6 Qxc4 50.Qc7+  1-0

[Event "ch-LAT"]
[Site "Riga LAT"]
[Date "2006.03.03"]
[Round "5"]
[White "Sveshnikov,V"]
[Black "Daskevics,Va"]
[Result "1/2-1/2"]
[WhiteElo "2273"]
[BlackElo "2336"]

1.e4 c5 2.c3 Nf6 3.e5 Nd5 4.Nf3 Nc6 5.d4 cxd4 6.cxd4 d6 7.Bc4 Nb6 8.Bb3 d5
9.Nc3 Bg4 10.Be3 e6 11.h3 Bh5 12.O-O Be7 13.Qe2 O-O 14.Rac1 Rc8 15.Bc2 Nc4
16.g4 Bg6 17.Bxg6 fxg6  1/2-1/2

[Event "XXII Open"]
[Site "Reykjavik ISL"]
[Date "2006.03.06"]
[Round "1"]
[White "Bjarnason,O"]
[Black "Ivanisevic,I"]
[Result "1/2-1/2"]
[WhiteElo "2255"]
[BlackElo "2588"]

1.e4 c5 2.c3 Nf6 3.e5 Nd5 4.d4 cxd4 5.Nf3 e6 6.cxd4 d6 7.Bc4 Nb6 8.Bd3 dxe5
9.dxe5 Na6 10.Bg5 Be7 11.Bxe7 Qxe7 12.Nc3 O-O 13.Rc1 Bd7 14.h4 f5 15.exf6 gxf6
16.Qe2 e5 17.O-O Kh8 18.Nd4 f5 19.Rfe1 Nc5 20.Bb1 Rae8 21.Qh5 Qf6 22.Ndb5 Rg8
23.Nc7 Qc6 24.Ne4 Qxc7 25.Nf6 Bc6 26.Nxg8 Rxg8 27.Rxc5 Nd5 28.Qxf5 Rxg2+
29.Kf1 Rg7 30.Qxe5 Qf7 31.Rxd5 Bxd5 32.Qe8+ Rg8 33.Qe5+ Rg7 34.Qe8+ Rg8 35.Qe5+  1/2-1/2

[Event "XXII Open"]
[Site "Reykjavik ISL"]
[Date "2006.03.07"]
[Round "2"]
[White "Trifunovic,Du"]
[Black "Moskow,E"]
[Result "0-1"]
[WhiteElo "2012"]
[BlackElo "2248"]

1.e4 c5 2.c3 Nf6 3.e5 Nd5 4.d4 cxd4 5.Qxd4 e6 6.Nf3 Nc6 7.Qe4 f5 8.exf6 Nxf6
9.Qc2 b6 10.Bd3 Bb7 11.O-O Qc7 12.Bg5 O-O-O 13.Bh4 Bd6 14.Bg3 Bxg3 15.fxg3 Ng4
16.Qe2 Nce5 17.Ba6 Bxa6 18.Qxa6+ Kb8 19.Na3 Qb7 20.Qxb7+ Kxb7 21.h3 Nxf3+
22.gxf3 Ne5 23.Rad1 g5 24.Kg2 Rhf8 25.b3 Kc6 26.Nc2 a6 27.Nd4+ Kc7 28.Rh1 Ng6
29.c4 h5 30.Rhe1 h4 31.g4 Nf4+ 32.Kh2 Ng6 33.Re3 Rf6 34.Ne2 Rdf8 35.Kg2 R8f7
36.Rdd3 d6 37.Rc3 e5 38.Rc1 e4 39.Rf1 Ne5 40.Nd4 exf3+ 41.Nxf3 a5 42.Nxe5 Rxf1
43.Nxf7 Rxf7 44.Re6 Rf4 45.Rg6 Rd4 46.Rxg5 Rd2+ 47.Kf3 Rxa2 48.Rh5 Rb2 49.Rxh4 Rxb3+
50.Kf4 a4 51.Rh7+ Kc6 52.g5 a3 53.g6 Rb2 54.Ra7 a2 55.h4 Rc2 56.Kf5 Rxc4
57.h5 Rc5+ 58.Ke6 Ra5 59.Rxa5 bxa5 60.g7 a1=Q 61.h6 Qe5+ 62.Kf7 Qh5+ 63.Ke7 Qg6
64.Kf8 Qxh6  0-1

[Event "XXII Open"]
[Site "Reykjavik ISL"]
[Date "2006.03.07"]
[Round "2"]
[White "Andersson,C"]
[Black "Pavlovic,Milo"]
[Result "0-1"]
[WhiteElo "2170"]
[BlackElo "2494"]

1.e4 c5 2.c3 Nf6 3.e5 Nd5 4.d4 cxd4 5.Qxd4 e6 6.Nf3 Nc6 7.Qe4 b6 8.Bd3 Bb7
9.O-O Qc7 10.b4 a5 11.b5 Nce7 12.Qe1 Rc8 13.Ba3 Nf4 14.Be4 Ned5 15.Bb2 Qc4
16.Nbd2 Qxb5 17.c4 Qxb2 18.Rb1 Qa3 19.cxd5 Nxd5 20.Bxd5 Bxd5 21.Rxb6 Bb4
22.Qe2 O-O 23.Ng5 Qxa2 24.Qd3 Qc2 25.Qxc2 Rxc2 26.Ndf3 h6 27.Nh3 g5 28.Nd4 Rd2
29.Nb5 Bc5 30.Ra6 Bc4 31.Rb1 g4 32.Rxa5 gxh3 33.Nc3 Bxf2+ 34.Kh1 Bd4 35.gxh3 Bxc3
36.Ra4 Bd5+ 37.Kg1 Kh7 38.Rf4 Rg8+  0-1

[Event "XXII Open"]
[Site "Reykjavik ISL"]
[Date "2006.03.08"]
[Round "3"]
[White "Scheeff,V"]
[Black "Einarsson,B"]
[Result "1/2-1/2"]
[WhiteElo "2142"]
[BlackElo "2245"]

1.e4 c5 2.c3 Nf6 3.e5 Nd5 4.Nf3 Nc6 5.Bc4 Nb6 6.Bb3 d5 7.exd6 e6 8.d4 Qxd6
9.O-O cxd4 10.cxd4 Be7 11.Nc3 a6 12.a3 O-O 13.Qd3 Nd5 14.Ne4 Qc7 15.Bg5 Nf4
16.Qd2 Bxg5 17.Nexg5 h6 18.Ne4 Nd5 19.Rac1 Qf4 20.Qd3 Rd8 21.Rfd1 Nce7 22.g3 Qb8
23.Ne5 f6 24.Nf3 b6 25.Bc2 Bb7 26.Bb1 Rd7 27.Nc3 Nf5 28.Nxd5 Bxd5 29.Rc3 Qe8
30.Nh4 Nxh4 31.Qh7+ Kf8 32.gxh4 Qh5 33.Rdc1 f5 34.Rc8+ Rxc8 35.Rxc8+ Kf7
36.Qg8+ Kg6 37.Qe8+ Rf7 38.Bc2 Qg4+ 39.Kf1 Qg2+ 40.Ke1 Qg1+ 41.Ke2 Qg4+ 42.Ke1 Qg1+
43.Ke2 Qg4+ 44.Ke1 Qg1+  1/2-1/2